| 000 | 00429cam a2200181ua 4500 | ||
|---|---|---|---|
| 001 | 2969 | ||
| 008 | 110920n ii |||gr||||Z||||||asm | ||
| 040 | _cMAIN | ||
| 082 | _a920 | ||
| 100 | 1 |
_aSharma, Benudhar, _eAutor. |
|
| 245 | 1 | 1 |
_aArghyavali _cby Benudhar Sharma |
| 250 | _a3rd. | ||
| 260 |
_aGuahati: _bAssam jyoti,970. |
||
| 300 |
_a185p: _c23cm. |
||
| 653 | _aBiography | ||
| 653 | _aBiography of Arghyavali | ||
| 942 | _cBK | ||
| 999 |
_c2817 _d2817 |
||